000 01211nam a2200301 c 4500
003 BLK
005 20250123135723.0
008 180411b bul|||||r ||||||| ||bul||
010 _aKNG00209555000
040 _aBLK
041 _aBUL
_cBUL
080 _aБългарска литература
_b821.163.2
_x
_z821.163.2
100 1 _aЯнев, Симеон Янакиев
_eпърви автор
_9386069
139 _aЯнев, Симеон Янакиев
_bЯ 54
245 1 0 _aПародийното в литературата
_bПародийно и пародия в бълг. лит. от Вазов до Смирненски
_cСимеон Янакиев Янев.
257 _aBGR
260 София
_bНаука и изкуство
_c1989
_fЯмбол : Г. Димитров
300 _a188 с.
_bс ил.
_c22 см
380 _a82
650 4 _aЛитературни родове, видове и жанрове
_9285677
653 _aпародия
852 _aЦб 160302
856 4 _qpdf
_u
856 4 _qpdf
_u
942 _cKNG
_n0
_04
944 _aCR
_c13.07.2017
_k30535
_lХристина Везирева
944 _aED
_c13.07.2017
_kТеодора_Стоянова
999 _c200139
_d200139